Carregant...

Contemporary political theory : Basic concepts and major trends /

Dades bibliogràfiques
Autor principal: Johari, J C.
Format: Printed Book
Publicat: New Delhi : Sterling publishers, 1979.
Matèries:
LEADER 00499nam a22001337a 4500
082 |a 320.011  |b JOH.C 
100 |a Johari, J C. 
245 |a Contemporary political theory :  |b Basic concepts and major trends /  |c by J C Johari. 
260 |a New Delhi :  |b Sterling publishers,  |c 1979. 
300 |a 445 p. 
650 |a political theory 
942 |c BK 
999 |c 314013  |d 314013 
952 |0 0  |1 0  |4 0  |6 320_011000000000000_JOH_C  |7 0  |8 NFIC  |9 335775  |a POL  |b POL  |c GEN  |d 2020-11-25  |l 0  |o 320.011 JOH.C  |p POL13418  |r 2020-11-25  |w 2020-11-25  |y BK